| 000 | 00877nam a2200241Ia 4500 | ||
|---|---|---|---|
| 003 | OSt | ||
| 005 | 20220923224556.0 | ||
| 006 | a|||||r|||| 00| 0 | ||
| 007 | ta | ||
| 008 | 220922b |||||||| |||| 00| 0 pan d | ||
| 020 | _c150 | ||
| 024 | _a243,457 | ||
| 037 |
_b196, 08/10/2010, H.K. Prakashan _cTextual |
||
| 040 |
_aARTS _cARTS _bpan |
||
| 041 |
_2pan _apan |
||
| 082 | _aO1530a44, P2 | ||
| 100 |
_aਹਰਚਰਨ ਕੈਰ; ਰਵੇਲ ਸਿੰਘ _9160210 |
||
| 245 | 0 |
_aਪੰਜਾਬੀ ਤੇ ਭਾਰਤੀ ਸਾਹਿਤ _b ਤੁਲਨਾ ਤੋ੍ਵ ਸੰਵਾਦ ਤਕ |
|
| 260 |
_aਦਿੱਲੀ _b ਪੰਜਾਬੀ ਅਕਾਦਮੀ _c2002 |
||
| 300 |
_a180ਪੰ _ccm. |
||
| 942 |
_hO1530a44, P2 _cTEXL _2CC |
||
| 999 |
_c372303 _d372303 |
||